Statistics for Nba 2k cover athletes

Click here to take the quiz!

General Stats

  • This quiz has been taken 12 times
  • The average score is 28 of 58

Answer Stats

HintAnswer% Correct
Nba 2kAllen Iverson
100%
Nba 2k2Allen Iverson
100%
Nba 2k3Allen Iverson
100%
ESPN NBA Basketball (NBA 2K4)Allen Iverson
100%
Nba 2k1Allen Iverson
100%
ESPN NBA Basketball (NBA 2K5)Ben Wallace
78%
Nba 2k9Kevin Garnett
67%
Nba 2k10Kobe Bryant
67%
Nba 2k11Micheal Jordan
67%
Nba 2k7Shaquille O'neal
67%
Nba 2k6Shaquille O'neal
67%
Nba 2k16Anthony Davis
56%
Nba 2k13Blake Griffin
56%
Nba 2k8Chris Paul
56%
Nba 2k13Derrick Rose
56%
Nba 2k16James Harden
56%
Nba 2k12Larry Bird
56%
Nba 2k14Lebron James
56%
Nba 2k12Magic Johnson
56%
Nba 2k16 (Spanish Cover)Marc Gasol
56%
Nba 2k12MIcheal Jordan
56%
Nba 2k16 (Spanish Cover)Pau Gasol
56%
Nba 2k17Paul George
56%
Nba 2k18 (Legend Edition)Shaquille O'neal
56%
Nba 2k18 (Legend Edition Gold)Shaquille O'neal
56%
Nba 2k16Stephen Curry
56%
Nba 2k16 (French Cover)Tony Parker
56%
Nba 2k21Damian Lillard
44%
Nba 2k17 (Italian Cover)Danilo Gallinari
44%
Nba 2k18 (Canadian Cover)DeMar DeRozan
44%
Nba 2k15Kevin Durant
44%
Nba 2k13Kevin Durant
44%
Nba 2k17 (Legend Edition)Kobe Bryant
44%
Nba 2k21 (Mamba Forever Edition variant)Kobe Bryant
44%
Nba 2k21 (Mamba Forever Edition)Kobe Bryant
44%
Nba 2k16Micheal Jordan
44%
Nba 2k17 (Spanish Cover)Pau Gasol
44%
Nba 2k21 (Next Generation Edition)Zion Williamson
44%
Nba 2k20Anthony Davis
33%
Nba 2k16 (German Cover)Dennis Schroder
33%
Nba 2k19Giannis Antetokounmpo
33%
Nba 2k18Kyrie Irving
33%
Nba 2k18 (Early Tip-Off Edition)Kyrie Irving
33%
Nba 2k22Luka Doncic
33%
Nba 2k23 (Micheal Jordan Edition)Micheal Jordan
33%
Nba 2k19 (Australian Cover)Ben Simmons
22%
Nba 2k23 (Standard Edition)Devin Booker
22%
Nba 2k23 (Digital Deluxe Edition)Devin Booker
22%
Nba 2k22 (Nba 75th Anniversary Edition)Dirk Nowitzki
22%
Nba 2k20 (Legend Edition)Dwayne Wade
22%
Nba 2k22 (Nba 75th Anniversary Edition)Kareem Abdul-Jabbar
22%
Nba 2k19 (20th Anniversary Edition)LeBron James
22%
Nba 2k23 (Championship Edition)Micheal Jordan
22%
Nba 2k23 (WNBA edition)Sue Bird
22%
Nba 2k22 (WNBA 25th Anniversary Special Edition)Candace Parker
11%
Nba 2k23 (WNBA edition)Diana Taurasi
11%
Nba 2k22 (Nba 75th Anniversary Edition)Kevin Durant
11%
Nba 2k22 (Cross Gen Bundle)Luka Doncic
11%

Score Distribution

Percentile by Number Answered

Percent of People with Each Score

Your Score History

You have not taken this quiz